Statistics for World Map with 10 Extra Borders #6

Click here to take the quiz!

General Stats

  • This quiz has been taken 1,720 times
  • The average score is 9 of 10

Answers on the Map

Answers color-coded by a green-red scale on the quiz's map according to % correct below.
 

Answer Stats

Country% Correct
Bolivia
96%
China
91%
Ethiopia
90%
Namibia
90%
Mauritania
89%
Romania
89%
Nepal
88%
Guyana
87%
Turkmenistan
82%
Cuba
59%

Score Distribution

Percentile by Number Answered

Percent of People with Each Score

Your Score History

You have not taken this quiz